[Event "Druga liga Srbije grupa Vojvodina 2015"]
[Site "Stari Banovci"]
[Date "2015.11.11"]
[Round "2.5"]
[White "Drazic, Sinisa"]
[Black "Cabarkapa, Velibor"]
[Result "1/2-1/2"]
[WhiteElo "2426"]
[BlackElo "2316"]
[PlyCount "67"]
[EventDate "2015.11.10"]

1. d4 d5 2. c4 c6 3. Nc3 e6 4. e3 Nf6 5. Nf3 Nbd7 6. Bd2 Bd6 7. Qc2 O-O 8. Rc1
Qe7 9. h3 Re8 10. a3 dxc4 11. Bxc4 e5 12. O-O h6 13. Nh4 Nb6 14. Ba2 e4 15. Ng6
Qd8 16. f4 exf3 17. Rxf3 Be6 18. Bxe6 Rxe6 19. Nh4 Rc8 20. Nf5 c5 21. Rcf1 Bf8
22. Kh1 g6 23. dxc5 Rxc5 24. Nd4 Rd6 25. Qb3 Nc4 26. Bc1 a6 27. Qd1 Bg7 28. Qe2
b5 29. b4 Rc7 30. e4 Ne5 31. Bf4 Nxf3 32. Rxf3 Nh5 33. Bxd6 Qxd6 34. Qd3
1/2-1/2

[Event "Druga liga Srbije grupa Vojvodina 2015"]
[Site "Stari Banovci"]
[Date "2015.11.11"]
[Round "2.5"]
[White "Pavlik, Goran"]
[Black "Jovic, Stevan"]
[Result "0-1"]
[WhiteElo "2223"]
[BlackElo "2156"]
[PlyCount "96"]
[EventDate "2015.11.10"]

1. e4 c6 2. d4 d5 3. e5 Bf5 4. Nf3 e6 5. a3 Nd7 6. Nbd2 f6 7. Be2 fxe5 8. Nxe5
Nxe5 9. dxe5 Qc7 10. Nf3 h6 11. h4 O-O-O 12. Bf4 Ne7 13. Qd2 c5 14. O-O Nc6 15.
h5 Be7 16. b4 g5 17. hxg6 Rdg8 18. bxc5 Rxg6 19. Bd3 Rhg8 20. g3 Bxd3 21. cxd3
Bxc5 22. d4 Bb6 23. Kg2 h5 24. Rac1 Kb8 25. Rh1 Qf7 26. Rh4 Bd8 27. Rh3 Rg4 28.
Kh2 h4 29. Nxh4 Bxh4 30. Rxh4 Rxh4+ 31. gxh4 Rg4 32. Bg3 Nxd4 33. Qc3 Nf3+ 34.
Kh3 Rc4 35. Qe3 Qf5+ 36. Kg2 Nxh4+ 37. Bxh4 Rxh4 38. Re1 Qh5 39. Rg1 Qg6+ 40.
Kf1 Qb1+ 41. Qe1 Qxe1+ 42. Kxe1 Re4+ 43. Kd2 Rxe5 44. Rg7 a5 45. Kd3 Ka7 46. f3
Kb6 47. Re7 Kc6 48. f4 Re4 0-1